Vista normal Vista MARC

Entrada Topical Term

Número de registros utilizados en: 2

001 - CONTROL NUMBER

  • control field: 69287

003 - CONTROL NUMBER IDENTIFIER

  • control field: OSt

005 - DATE AND TIME OF LATEST TRANSACTION

  • control field: 20260226164441.0

008 - FIXED-LENGTH DATA ELEMENTS

  • fixed length control field: 260226|| aca||aabn | a|a d

040 ## - CATALOGING SOURCE

  • Original cataloging agency: OSt
  • Transcribing agency: OSt

150 ## - HEADING--TOPICAL TERM

  • Topical term or geographic name entry element: Magos
  • Topical term or geographic name entry element: Cuentos infantiles

670 ## - SOURCE DATA FOUND

  • Source citation: Work cat.: (OSt)60629: Heitz, Bruno, 1957- 69286, Yoyo el mago /









Instituto Departamental de Cultura del Meta - Red Departamental de Bibliotecas Públicas del Meta.